Networking / (Record no. 627)

MARC details
000 -LEADER
fixed length control field 00790nac a22002051u 4500
010 ## - LIBRARY OF CONGRESS CONTROL NUMBER
LC control number 2003058018
020 ## - INTERNATIONAL STANDARD BOOK NUMBER
International Standard Book Number 0130986593 (alk. paper)
082 00 - DEWEY DECIMAL CLASSIFICATION NUMBER
Classification number 004.6
Item number B3688
090 ## - LOCALLY ASSIGNED LC-TYPE CALL NUMBER (OCLC); LOCAL CALL NUMBER (OCLC)
-- 627
-- 627
100 ## - MAIN ENTRY--PERSONAL NAME
Personal name Beasley, Jeffrey S.,
245 10 - TITLE STATEMENT
Title Networking /
Statement of responsibility, etc Jeffrey S. Beasley.
260 ## - PUBLICATION, DISTRIBUTION, ETC. (IMPRINT)
Place of publication, distribution, etc Upper Saddle River, NJ :
Name of publisher, distributor, etc Pearson Prentice Hall,
Date of publication, distribution, etc 2004.
300 ## - PHYSICAL DESCRIPTION
Extent xxiv, 579 p. :
Other physical details ill. ;
Dimensions 26 cm. +
Accompanying material 1 CD-ROM (4 3/4 in.)
500 ## - GENERAL NOTE
General note Includes index.
650 #0 - SUBJECT ADDED ENTRY--TOPICAL TERM
Topical term or geographic name as entry element Computer networks
General subdivision Design and construction.
650 #0 - SUBJECT ADDED ENTRY--TOPICAL TERM
Topical term or geographic name as entry element TCP/IP (Computer network protocol)
650 #0 - SUBJECT ADDED ENTRY--TOPICAL TERM
Topical term or geographic name as entry element Internetworking (Telecommunication)
942 ## - ADDED ENTRY ELEMENTS (KOHA)
Item type Book - Borrowing
Call number prefix 004.6B3688
Holdings
Withdrawn status Item status Source of classification or shelving scheme Damaged status Not for loan Vendor Home library Current library Shelving location Date acquired Source of acquisition Cost, normal purchase price Total Checkouts Full call number Barcode Checked out Date last seen Cost, replacement price Koha item type
    Dewey Decimal Classification       Central Library Central Library Lower Floor 20/07/2006   372.00 1 004.6 BEA 000003979 01/04/2008 22/10/2007 465.00 Book - Borrowing